[Event "Moscow Open C University Men"]
[Site "Moscow RUS"]
[Date "2011.02.02"]
[Round "5.19"]
[White "Grinenko, Viktor"]
[Black "Oganisjn, Roman"]
[Result "1/2-1/2"]
[WhiteElo "1981"]
[BlackElo "2293"]
[WhiteFideId "4110609"]
[BlackFideId "4153006"]
[EventDate "2011.01.29"]

1. d4 Nf6 2. Nf3 e6 3. g3 c5 4. c3 d5 5. Bg2 Nc6 6. O-O Bd6 7. Bf4 O-O 8. Nbd2
Re8 9. Bg5 h6 10. Bxf6 Qxf6 11. e4 cxd4 12. cxd4 Nxd4 13. Nxd4 Qxd4 14. exd5
exd5 15. Nb3 Qxb2 16. Qxd5 Qf6 17. Rad1 Bf8 18. Qb5 Re5 19. Rd5 Rxd5 20. Qxd5
Rb8 21. Nc5 Qd6 22. Rc1 b6 23. Qxd6 Bxd6 24. Ne4 Be5 25. Rd1 Be6 26. f4 Bc7 27.
Nc3 b5 28. Be4 g6 29. Nd5 Bb6+ 30. Kg2 Rd8 31. g4 Bxg4 32. Nf6+ Kg7 33. Rxd8
Bxd8 34. Nxg4 f5 35. Bd3 fxg4 36. Bxb5 Bc7 37. Bd7 h5 38. f5 gxf5 39. Bxf5 Kf6
40. Bd3 1/2-1/2

[Event "Moscow Open C University Men"]
[Site "Moscow RUS"]
[Date "2011.02.02"]
[Round "5.20"]
[White "Protasov, Alexey"]
[Black "Vetryansky, Vladimir"]
[Result "0-1"]
[WhiteElo "1914"]
[BlackElo "2244"]
[WhiteFideId "24114561"]
[BlackFideId "24118613"]
[EventDate "2011.01.29"]

1. d4 d5 2. c4 c6 3. e3 e6 4. Nf3 f5 5. Ne5 Nf6 6. Be2 Nbd7 7. f4 Nxe5 8. fxe5
Ne4 9. O-O Be7 10. cxd5 cxd5 11. Bb5+ Bd7 12. Bxd7+ Qxd7 13. Qh5+ g6 14. Qe2 Rc8
15. Qd3 O-O 16. Bd2 Rc4 17. Nc3 Rfc8 18. a3 b5 19. Rfc1 Ng5 20. b3 b4 21. bxc4
dxc4 22. Qe2 bxc3 23. Bxc3 Ne4 24. Bb4 Bg5 25. Bc5 c3 26. Rc2 Qa4 27. Rac1 Qb3
28. Qd3 a5 29. Rxc3 Nxc3 30. Rxc3 Qb7 31. Rb3 Qd5 32. Rb5 a4 33. Kf2 Bh4+ 34. g3
Bg5 35. Qb1 Rc7 36. Be7 Bxe3+ 37. Kxe3 Rc3+ 38. Kf4 Qf3+ 39. Kg5 Kf7 0-1

[Event "Moscow Open C University Men"]
[Site "Moscow RUS"]
[Date "2011.02.02"]
[Round "5.21"]
[White "Chizhikov, Vladislav"]
[Black "Gureev, Dmitry"]
[Result "1-0"]
[WhiteElo "2225"]
[BlackElo "2038"]
[WhiteFideId "4178157"]
[BlackFideId "24144428"]
[EventDate "2011.01.29"]

1. e4 d6 2. d4 Nf6 3. Nc3 Nbd7 4. Nge2 e5 5. f3 Be7 6. Be3 O-O 7. Qd2 c6 8. g4
exd4 9. Nxd4 Ne5 10. Be2 d5 11. g5 Ne8 12. exd5 cxd5 13. O-O-O Nd6 14. Nxd5 Ndc4
15. Nxe7+ Qxe7 16. Qc3 b5 17. Nxb5 Ba6 18. Nd6 Nxe3 19. Qxe3 Bxe2 20. Qxe2 Qxg5+
21. Kb1 Rab8 22. b3 Ng6 23. Qe4 Qa5 24. h4 Rb4 25. Nc4 Qc7 26. h5 Nf4 27. h6 g6
28. Qe5 Qxe5 29. Nxe5 Rb7 30. Nd7 f5 31. Nxf8 1-0

[Event "Moscow Open C University Men"]
[Site "Moscow RUS"]
[Date "2011.02.02"]
[Round "5.22"]
[White "Zimin, Alexey"]
[Black "Rozhkov, Vecheslav"]
[Result "1/2-1/2"]
[WhiteElo "2208"]
[BlackElo "2268"]
[WhiteFideId "4168925"]
[BlackFideId "4181484"]
[EventDate "2011.01.29"]

1. e4 c5 2. Nf3 d6 3. d4 cxd4 4. Nxd4 Nf6 5. Nc3 a6 6. Bg5 e6 7. f4 Nbd7 8. Bc4
Qc7 9. Bb3 Nc5 10. Qe2 Be7 11. e5 Ng8 12. exd6 Qxd6 13. Rd1 Nxb3 14. Nf5 Qc5 15.
Nxe7 Nxe7 16. axb3 O-O 17. Ne4 Qc7 18. Bxe7 Qxe7 19. O-O Bd7 20. Nd6 Bc6 21. Rd4
Qf6 22. Rfd1 Rad8 23. Qd2 Rb8 24. b4 e5 25. fxe5 Qxe5 26. Re1 Qf6 27. Qf2 Qg5
28. h4 Qg6 29. c4 f5 30. Re7 Rbd8 31. c5 f4 32. Qe2 h6 33. h5 Qg5 34. Qe6+ Kh7
35. Ne4 Bxe4 36. Qxe4+ Kh8 37. Rxd8 Rxd8 38. Re8+ Rxe8 39. Qxe8+ Kh7 40. Qe4+
Kh8 41. Qxb7 Qe5 42. Qxa6 Qe3+ 1/2-1/2

[Event "Moscow Open C University Men"]
[Site "Moscow RUS"]
[Date "2011.02.02"]
[Round "5.23"]
[White "Tiukaev, Ilgiz"]
[Black "Dzhumaev, Almir"]
[Result "0-1"]
[WhiteElo "2117"]
[BlackElo "2226"]
[WhiteFideId "14201305"]
[BlackFideId "24169544"]
[EventDate "2011.01.29"]

1. e4 e5 2. Nc3 Nf6 3. g3 c6 4. Bg2 d5 5. d3 Bb4 6. Bd2 Bg4 7. f3 Be6 8. Nh3 Qb6
9. Nf2 dxe4 10. Nfxe4 Nd5 11. Qe2 Nd7 12. Nd1 Be7 13. Qf2 Nc5 14. a3 a5 15. Nec3
h5 16. Rb1 a4 17. Ne3 h4 18. Ne4 Qc7 19. Nc4 Nd7 20. Bg5 f6 21. Be3 b5 22. Ncd2
f5 23. Nc5 Bf7 24. Nxd7 Kxd7 25. Nf1 h3 0-1

[Event "Moscow Open C University Men"]
[Site "Moscow RUS"]
[Date "2011.02.02"]
[Round "5.24"]
[White "Piskun, Alexey"]
[Black "Shefer, Alexander"]
[Result "1-0"]
[WhiteElo "2213"]
[BlackElo "2202"]
[WhiteFideId "24105511"]
[BlackFideId "4198581"]
[EventDate "2011.01.29"]

1. e4 d5 2. exd5 Nf6 3. d4 Bg4 4. Nf3 Qxd5 5. Be2 Nc6 6. c4 Qh5 7. Be3 O-O-O 8.
Nbd2 e5 9. d5 Nd4 10. Nxd4 exd4 11. Bxd4 Re8 12. f3 Bf5 13. O-O Bd6 14. g3 Qg6
15. Rf2 Nh5 16. Ne4 Bxe4 17. fxe4 Nf6 18. c5 Be5 19. c6 Qxe4 20. cxb7+ Kb8 21.
Bxe5 Qxe5 22. Bf3 Rd8 23. Qd3 Rhe8 24. Rd1 Qe3 25. Qc3 Rd6 26. Kg2 Qxc3 27. bxc3
Kxb7 28. c4 Nd7 29. Rb1+ Rb6 30. Rc1 Nc5 31. d6+ Kb8 32. dxc7+ Kxc7 33. Bh5 Re7
34. Rxf7 Rxf7 35. Bxf7 Rb2+ 36. Kh3 Rxa2 37. Bd5 a5 38. Rf1 a4 39. Rf7+ Kb6 40.
Rxg7 h5 41. Rg8 a3 42. Rc8 Rd2 43. Rc6+ Ka5 44. Rxc5+ Kb4 45. Rb5+ Kc3 46. Ra5
Kb2 47. Bf7 a2 48. Bxh5 a1=Q 49. Rxa1 Kxa1 50. Bf7 Kb2 51. g4 Rd7 52. Bd5 Kc3
53. g5 Kd4 54. Kg4 Ke5 55. h4 Ra7 56. h5 Ra2 57. h6 Rh2 58. Bf3 Ke6 59. Kg3 1-0

[Event "Moscow Open C University Men"]
[Site "Moscow RUS"]
[Date "2011.02.02"]
[Round "5.25"]
[White "Myshkin, Nikita"]
[Black "Shikin, Sergey"]
[Result "1-0"]
[WhiteElo "2174"]
[BlackElo "1797"]
[WhiteFideId "4124561"]
[BlackFideId "4140060"]
[EventDate "2011.01.29"]

1. d4 Nf6 2. Nf3 g6 3. c4 Bg7 4. g3 O-O 5. Bg2 d5 6. cxd5 Nxd5 7. O-O c6 8. e4
Nb6 9. h3 Be6 10. Nc3 Qc8 11. Kh2 Rd8 12. Bg5 f6 13. Bc1 Bc4 14. Re1 e5 15. b3
Bf7 16. Ne2 exd4 17. Nf4 N8d7 18. Nd3 Ne5 19. Nfxe5 fxe5 20. Bg5 Re8 21. Qd2 Nd7
22. Bh6 Bh8 23. f4 c5 24. Rac1 b6 25. Bf3 Qb7 26. h4 Rac8 27. h5 b5 28. f5 Bf6
29. Bg5 Qb6 30. fxg6 hxg6 31. hxg6 Bxg6 32. Bg4 c4 33. Bxf6 Nxf6 34. Bxc8 Rxc8
35. Nxe5 Nxe4 36. Qf4 Rf8 37. Qxf8+ Kxf8 38. Nd7+ Kg7 39. Nxb6 axb6 40. Rxe4
Bxe4 41. bxc4 d3 42. cxb5 Kf6 43. Kg1 Ke5 44. Kf2 Kd4 45. Rc6 Bf5 46. Rxb6 Bg4
47. Rd6+ Kc3 48. Ke3 1-0

[Event "Moscow Open C University Men"]
[Site "Moscow RUS"]
[Date "2011.02.02"]
[Round "5.26"]
[White "Guseinov, Djelal"]
[Black "Vorobjev, Dmitry"]
[Result "1-0"]
[WhiteElo "1997"]
[BlackElo "2154"]
[WhiteFideId "4106571"]
[BlackFideId "24112178"]
[EventDate "2011.01.29"]

1. Nf3 Nf6 2. c4 g6 3. Nc3 Bg7 4. e4 O-O 5. d4 d6 6. h3 e5 7. d5 a5 8. Bg5 h6 9.
Be3 Na6 10. Nd2 Nd7 11. g4 f5 12. gxf5 gxf5 13. exf5 Ndc5 14. Nde4 Bxf5 15. Ng3
Bg6 16. Qg4 Qe8 17. Rg1 Kh7 18. Nge4 Nb4 19. Kd2 b6 20. Nxc5 bxc5 21. Ne4 Qf7
22. a3 Na6 23. Bd3 Bf5 24. Ng3 Bxd3 25. Kxd3 Rab8 26. Qe4+ Kh8 27. Kc2 c6 28.
dxc6 Nc7 29. Rad1 Ne6 30. Rxd6 Nd4+ 31. Kb1 Qxc4 32. c7 Rbc8 33. Bxd4 exd4 34.
Nf5 Rce8 35. Rxg7 Qf1+ 36. Ka2 Qc4+ 37. Ka1 Qc1+ 38. Qb1 Qxb1+ 39. Kxb1 Rxf5 40.
Rd8 Kxg7 41. Rxe8 1-0

[Event "Moscow Open C University Men"]
[Site "Moscow RUS"]
[Date "2011.02.02"]
[Round "5.27"]
[White "Babkin, Ivan"]
[Black "Kartsev, Sergei"]
[Result "1/2-1/2"]
[WhiteElo "1953"]
[BlackElo "2112"]
[WhiteFideId "24142433"]
[BlackFideId "24103853"]
[EventDate "2011.01.29"]

1. d4 d5 2. Nc3 Nf6 3. Bg5 Nbd7 4. f3 e6 5. e4 Bb4 6. e5 h6 7. Bh4 g5 8. Bf2 Ng8
9. a3 Be7 10. Nce2 c5 11. c3 Qc7 12. h4 gxh4 13. Bxh4 Nb6 14. Bxe7 Qxe7 15. Nc1
Bd7 16. Qd2 O-O-O 17. dxc5 Qxc5 18. Nb3 Qc7 19. Qe3 Kb8 20. Nd4 Ne7 21. O-O-O
Nc4 22. Bxc4 dxc4 23. Re1 Nd5 24. Qd2 h5 25. Nh3 Rdg8 26. Ng5 Be8 27. f4 Qe7 28.
g3 Ba4 29. Qe2 Rg6 30. Qxc4 Qd7 31. Ne4 Rc8 32. Qd3 Rh8 33. Nc5 Qe8 34. Qf3 Bc6
35. Nxc6+ Qxc6 36. Ne4 Rgh6 37. Ng5 Qc7 38. f5 Qe7 39. f6 Qc7 40. Kb1 h4 41.
gxh4 Rxh4 42. Rxh4 Rxh4 43. Qg3 Rf4 44. Nh3 Rf5 45. Qg8+ Qc8 46. Qxf7 a6 47. Qg6
Nxc3+ 48. Ka1 Qc4 49. Qg8+ Kc7 50. Qg7+ Kb8 51. Qg8+ Kc7 52. Qg7+ 1/2-1/2

[Event "Moscow Open C University Men"]
[Site "Moscow RUS"]
[Date "2011.02.02"]
[Round "5.29"]
[White "Partskhaladze, David"]
[Black "Cherny, Oleg"]
[Result "1-0"]
[WhiteElo "1755"]
[BlackElo "2046"]
[WhiteFideId "24133787"]
[BlackFideId "24115886"]
[EventDate "2011.01.29"]

1. d4 d5 2. c4 e6 3. Nf3 Nf6 4. g3 Bb4+ 5. Bd2 Be7 6. Bg2 c6 7. O-O dxc4 8. a4
b5 9. axb5 cxb5 10. Ba5 Qd6 11. Ne5 Nd5 12. e4 Nb6 13. Nxf7 Kxf7 14. e5 Qd7 15.
Qf3+ Ke8 16. Bxb6 axb6 17. Qxa8 Bd8 18. Qxb8 Bc7 19. Qa8 Ke7 20. Ra7 Rf8 21. Qc6
Qxc6 22. Bxc6 Kd8 23. Bxb5 Rf5 24. Bxc4 b5 25. Bxb5 Rf3 26. Bc6 Rb3 27. Ba4 Rxb2
28. Rc1 Bb7 29. Nc3 Kc8 30. Nb5 Kb8 31. Rxb7+ 1-0

[Event "Moscow Open C University Men"]
[Site "Moscow RUS"]
[Date "2011.02.02"]
[Round "5.30"]
[White "Kuzin, Sergey"]
[Black "Kvasov, Sergey"]
[Result "1/2-1/2"]
[WhiteElo "2028"]
[BlackElo "1961"]
[WhiteFideId "24124796"]
[BlackFideId "24145939"]
[EventDate "2011.01.29"]

1. e4 Nf6 2. Nc3 d5 3. exd5 Nxd5 4. Bc4 Be6 5. Bb3 Nxc3 6. bxc3 Bxb3 7. axb3 e6
8. Nf3 Nc6 9. O-O Be7 10. d4 O-O 11. Re1 Bf6 12. Bf4 Ne7 13. Qd3 Ng6 14. Bg3 c6
15. h3 Be7 16. Nd2 Bd6 17. Ne4 Bf4 18. Bxf4 Nxf4 19. Qg3 Nd5 20. Nd6 Qc7 21. c4
Nb6 22. c5 Nc8 23. Nf5 Qxg3 24. Nxg3 Ne7 25. Ne4 Nf5 26. c3 Rfd8 27. f4 Ne7 28.
Kf2 Nd5 29. Kf3 a6 30. g4 Nf6 31. Nd6 Rd7 32. Re2 Ne8 33. Nc4 Rad8 34. Rae1 Nf6
35. f5 exf5 36. gxf5 Kf8 37. Nd6 g6 38. fxg6 hxg6 39. c4 Rc7 40. Kf4 Rdd7 41.
Kg5 Kg7 42. b4 Nh7+ 43. Kf4 Nf6 44. h4 Nh5+ 45. Kg4 Nf6+ 46. Kf3 Kh7 47. Re5 Kh6
48. b5 axb5 49. cxb5 cxb5 50. Nxb5 Rc8 51. Nd6 Ra8 52. Re7 Ra3+ 53. Kg2 Ra2+ 54.
Kf3 Ra3+ 55. Kg2 Ra2+ 56. Kg1 Rxe7 57. Rxe7 Rd2 58. Rxf7 Nd5 59. Nb5 Kh5 60. Rd7
Ne3 61. Nc3 Kg4 62. Re7 Nf5 63. Re2 Nxd4 64. Rxd2 Nf3+ 65. Kf2 Nxd2 66. Ke3 Nb3
67. Ne4 Kxh4 68. Kd3 Kg4 69. Kc4 Kf4 70. Nf6 Nxc5 71. Kxc5 g5 72. Kb6 Kf5 73.
Nh5 g4 74. Kxb7 Kg5 75. Ng3 1/2-1/2

[Event "Moscow Open C University Men"]
[Site "Moscow RUS"]
[Date "2011.02.03"]
[Round "6.1"]
[White "Popov, Ivan RUS"]
[Black "Kharitonov, Alexandr"]
[Result "1/2-1/2"]
[WhiteTitle "GM"]
[BlackTitle "GM"]
[WhiteElo "2609"]
[BlackElo "2552"]
[WhiteFideId "4170350"]
[BlackFideId "4135202"]
[EventDate "2011.01.29"]

1. e4 c6 2. d4 d5 3. e5 Bf5 4. h4 h5 5. c4 e6 6. Bg5 Qb6 7. Qd2 dxc4 8. Nc3 Nd7
9. Bxc4 f6 10. exf6 gxf6 11. Be3 Bh6 12. Nge2 O-O-O 13. O-O Ne5 14. Bb3 Ng4 15.
Bxh6 N4xh6 16. Na4 Qc7 17. Nc5 Qd6 18. Rac1 Ne7 19. a4 b6 20. Nd3 Bxd3 21. Qxd3
Kb7 22. a5 Nhf5 23. axb6 axb6 24. Ra1 Ra8 1/2-1/2

[Event "Moscow Open C University Men"]
[Site "Moscow RUS"]
[Date "2011.02.03"]
[Round "6.2"]
[White "Nakhapetiane, Pogos"]
[Black "Ponkratov, Pavel"]
[Result "0-1"]
[WhiteTitle "FM"]
[BlackTitle "GM"]
[WhiteElo "2469"]
[BlackElo "2581"]
[WhiteFideId "4166728"]
[BlackFideId "4157800"]
[EventDate "2011.01.29"]

1. e4 e6 2. d4 d5 3. Nc3 Bb4 4. e5 c5 5. a3 Bxc3+ 6. bxc3 Qc7 7. Nf3 Ne7 8. a4
b6 9. Bb5+ Bd7 10. Bd3 Nbc6 11. O-O c4 12. Be2 f6 13. Bf4 Ng6 14. Bg3 f5 15. Nh4
Nge7 16. f4 O-O 17. Bf2 a5 18. Qd2 b5 19. axb5 Na7 20. g4 fxg4 21. Bxg4 Nxb5 22.
Kh1 Nf5 23. Bxf5 exf5 24. Ng2 a4 25. Ne3 Be6 26. Rg1 a3 27. Ra2 Qf7 28. Be1 Rfb8
29. Bh4 Kh8 30. Rb1 Qh5 31. Bg3 h6 32. Kg2 Kh7 33. Rba1 g5 34. Rf1 Rg8 35. Rf2
Ra7 36. Nf1 Rag7 37. Ne3 Rb7 38. Rf1 Rbg7 39. Raa1 gxf4 40. Rxf4 Rg5 41. Qe1 Qg6
42. Kf1 Qe8 43. Ra2 R8g7 44. Kf2 Qh5 45. Kg2 Qg6 46. Kf1 Qe8 47. Kf2 Qd8 48. Rf3
f4 49. Rxf4 Qa5 50. Kf1 Bh3+ 51. Kg1 Be6 52. Kf1 R5g6 53. Kg1 Qxc3 54. Kf2 Ra7
55. Nd1 Qxe1+ 56. Kxe1 Rg4 57. Rf6 Re4+ 58. Kf2 Rxd4 59. Ne3 Nc3 60. Rxa3 Ne4+
61. Kf3 Rxa3 62. Rxe6 Ng5+ 0-1

[Event "Moscow Open C University Men"]
[Site "Moscow RUS"]
[Date "2011.02.03"]
[Round "6.3"]
[White "Nozdrachev, Vladislav"]
[Black "Papin, Vasily"]
[Result "1/2-1/2"]
[WhiteTitle "FM"]
[BlackTitle "IM"]
[WhiteElo "2438"]
[BlackElo "2568"]
[WhiteFideId "24113441"]
[BlackFideId "4143183"]
[EventDate "2011.01.29"]

1. e4 c5 2. Nf3 e6 3. d4 cxd4 4. Nxd4 Nc6 5. Nc3 Qc7 6. Be3 a6 7. Be2 Nf6 8. O-O
Be7 9. f4 d6 10. Bf3 O-O 11. a4 Nxd4 12. Bxd4 e5 13. Be3 exf4 14. Bxf4 Be6 15.
Kh1 Rac8 16. Qd4 Nd7 17. Nd5 Bxd5 18. Qxd5 Ne5 19. c3 Bf6 20. Rad1 Rcd8 21. Be2
Qe7 22. Be3 g6 23. Bb6 Rd7 24. b4 Rc8 25. b5 Rxc3 26. bxa6 bxa6 27. Bxa6 Ng4 28.
Bb5 Rb7 29. a5 Be5 30. h3 Qh4 31. Rd3 Rxd3 32. Qxd3 Rxb6 33. axb6 Nf2+ 34. Rxf2
Qxf2 35. b7 d5 36. exd5 Qe1+ 37. Qf1 Qg3 38. Kg1 Bd4+ 39. Kh1 Be5 40. Kg1 Bd4+
41. Kh1 1/2-1/2

[Event "Moscow Open C University Men"]
[Site "Moscow RUS"]
[Date "2011.02.03"]
[Round "6.4"]
[White "Koreschikov, Maxim"]
[Black "Evdokimov, Alexander A."]
[Result "1/2-1/2"]
[WhiteTitle "FM"]
[BlackTitle "GM"]
[WhiteElo "2309"]
[BlackElo "2551"]
[WhiteFideId "24103900"]
[BlackFideId "4139275"]
[EventDate "2011.01.29"]

1. d4 Nf6 2. Nf3 c5 3. c3 g6 4. Bf4 b6 5. e3 Bg7 6. Nbd2 Bb7 7. h3 O-O 8. Bd3 d6
9. O-O Nc6 10. Bh2 Qc7 11. Rc1 e5 12. b4 exd4 13. bxc5 dxe3 14. Nc4 Qd7 15. Bxd6
Rfd8 16. fxe3 bxc5 17. e4 Ne8 18. e5 Nxe5 19. Nfxe5 Bxe5 20. Rxf7 Bh2+ 21. Bxh2
Qxf7 22. Ne5 Qxa2 1/2-1/2

[Event "Moscow Open C University Men"]
[Site "Moscow RUS"]
[Date "2011.02.03"]
[Round "6.5"]
[White "Ovetchkin, Roman"]
[Black "Shlegin, Stanislav"]
[Result "1-0"]
[WhiteTitle "GM"]
[BlackTitle "FM"]
[WhiteElo "2498"]
[BlackElo "2326"]
[WhiteFideId "4119991"]
[BlackFideId "24112089"]
[EventDate "2011.01.29"]

1. e4 g6 2. d4 Bg7 3. Nc3 d6 4. Be3 Nf6 5. Qd2 c6 6. Nf3 b5 7. Bd3 Bg4 8. a4 b4
9. Ne2 Bxf3 10. gxf3 a5 11. Ng3 h5 12. f4 Ng4 13. e5 h4 14. Ne4 d5 15. Ng5 e6
16. Bxg6 fxg6 17. Qd3 Rh6 18. Bd2 Qe7 19. Qh3 Nf6 20. exf6 Bxf6 21. Nxe6 Kf7 22.
f5 gxf5 23. O-O-O Rh5 24. Qf3 Rh8 25. Rde1 1-0

[Event "Moscow Open C University Men"]
[Site "Moscow RUS"]
[Date "2011.02.03"]
[Round "6.6"]
[White "Reshetnikov, Alexey"]
[Black "Efanov, Nikolai"]
[Result "1-0"]
[WhiteTitle "IM"]
[BlackTitle "IM"]
[WhiteElo "2478"]
[BlackElo "2421"]
[WhiteFideId "4162080"]
[BlackFideId "4187997"]
[EventDate "2011.01.29"]

1. e4 c5 2. Nf3 d6 3. d4 cxd4 4. Nxd4 Nf6 5. Nc3 a6 6. Be2 g6 7. g4 h6 8. Be3
Bg7 9. f3 b5 10. a3 Bb7 11. Qd2 Nbd7 12. h4 Rc8 13. h5 e5 14. Nb3 gxh5 15. gxh5
Nc5 16. Rd1 Nxb3 17. cxb3 Bf8 18. b4 Rg8 19. Bxh6 Bxh6 20. Qxh6 Ke7 21. Qe3 Nh7
22. f4 exf4 23. Qxf4 Rg5 24. Bg4 Re5 25. Rf1 Ng5 26. Bxc8 Qxc8 27. Qf6+ Ke8 28.
Qh8+ Ke7 29. Qxc8 Bxc8 30. Rd5 Bb7 31. Rxe5+ dxe5 32. h6 Kf8 33. Rf5 Kg8 34.
Rxg5+ 1-0

[Event "Moscow Open C University Men"]
[Site "Moscow RUS"]
[Date "2011.02.03"]
[Round "6.7"]
[White "Matsenko, Sergei"]
[Black "Seliverstov, Vladimir"]
[Result "0-1"]
[WhiteTitle "IM"]
[BlackTitle "FM"]
[WhiteElo "2475"]
[BlackElo "2304"]
[WhiteFideId "4170083"]
[BlackFideId "4192036"]
[EventDate "2011.01.29"]

1. e4 c5 2. Nf3 g6 3. d4 cxd4 4. Nxd4 Bg7 5. c4 Nc6 6. Be3 Nf6 7. Nc3 O-O 8. Be2
d6 9. O-O Bd7 10. Qd2 Nxd4 11. Bxd4 Bc6 12. f3 Nd7 13. Bf2 a5 14. b3 Nc5 15.
Rab1 Be5 16. Bd1 e6 17. Bc2 Qe7 18. a3 Rfc8 19. Rfd1 a4 20. b4 Nb3 21. Bxb3 Bxc3
22. Qxc3 axb3 23. Qb2 Ba4 24. Rbc1 Rc7 25. Bg3 e5 26. c5 Rac8 27. Rb1 dxc5 28.
Bxe5 Rc6 29. b5 Bxb5 30. Qxb3 Qxe5 31. Qxb5 R8c7 32. Qc4 Rd6 33. a4 Rcd7 34.
Rxd6 Qxd6 35. a5 Qc7 36. Qc3 c4 37. Rc1 Qc5+ 38. Kf1 Rd4 39. h3 Qd6 40. Qc2 h5
41. Re1 Qb4 42. Qb1 Qxa5 43. Qxb7 Qc5 44. Qb8+ Kg7 45. Qb1 c3 46. Re2 Qd6 47.
Qc2 Rd3 48. Qa4 Rd1+ 49. Kf2 Qc5+ 50. Kg3 Qg5+ 51. Kf2 Rd2 52. Qc4 Rxe2+ 53.
Qxe2 Qc1 54. e5 Qb2 55. e6 fxe6 0-1

[Event "Moscow Open C University Men"]
[Site "Moscow RUS"]
[Date "2011.02.03"]
[Round "6.8"]
[White "Polschikov, Alexey"]
[Black "Potapov, Pavel"]
[Result "1/2-1/2"]
[WhiteTitle "FM"]
[BlackTitle "IM"]
[WhiteElo "2380"]
[BlackElo "2470"]
[WhiteFideId "24130583"]
[BlackFideId "4169786"]
[EventDate "2011.01.29"]

1. e4 c5 2. Nf3 Nc6 3. d4 cxd4 4. Nxd4 e5 5. Nb5 d6 6. N1c3 a6 7. Na3 Be7 8. Nc4
b5 9. Ne3 Nf6 10. Bd3 O-O 11. O-O Be6 12. Ncd5 Nd7 13. c3 Nb6 14. Qe2 Rb8 15.
Rd1 h6 16. h3 Bg5 17. Nxb6 Rxb6 18. a4 bxa4 19. Bc4 Na5 20. Bxe6 fxe6 21. Rxa4
Rc6 22. Nc4 Nxc4 23. Rxc4 Rb6 24. Bxg5 Qxg5 25. Rb4 Rfb8 26. Rxd6 Rxb4 27. cxb4
Rxb4 28. Qc2 Qf4 1/2-1/2

[Event "Moscow Open C University Men"]
[Site "Moscow RUS"]
[Date "2011.02.03"]
[Round "6.9"]
[White "Bagrationi, Alexander"]
[Black "Kurukin, Dmitry"]
[Result "1-0"]
[WhiteTitle "IM"]
[WhiteElo "2459"]
[BlackElo "2313"]
[WhiteFideId "14104954"]
[BlackFideId "24113174"]
[EventDate "2011.01.29"]

1. d4 Nf6 2. c4 e6 3. Nf3 b6 4. g3 Ba6 5. Qa4 Bb7 6. Bg2 c5 7. dxc5 bxc5 8. O-O
Be7 9. Rd1 O-O 10. Nc3 Qb6 11. Bf4 Rd8 12. Rd2 d6 13. Rad1 h6 14. Qb3 Ne8 15. e4
Qxb3 16. axb3 g5 17. Be3 Nc6 18. e5 g4 19. Ne1 Rab8 20. exd6 Rxd6 21. Rxd6 Bxd6
22. Ne4 Nd4 23. Nxd6 Nxd6 24. Bxd4 cxd4 25. Rxd4 Nf5 26. Rd7 Bxg2 27. Kxg2 Rxb3
28. Nd3 Kf8 29. c5 Ke8 30. c6 Ne7 31. Rxe7+ 1-0

[Event "Moscow Open C University Men"]
[Site "Moscow RUS"]
[Date "2011.02.03"]
[Round "6.10"]
[White "Krivenko, Sergey"]
[Black "Novikov, Stanislav"]
[Result "1-0"]
[BlackTitle "GM"]
[WhiteElo "2326"]
[BlackElo "2568"]
[WhiteFideId "24124753"]
[BlackFideId "4125371"]
[EventDate "2011.01.29"]

1. d4 d6 2. e4 g6 3. Nc3 Bg7 4. f4 c6 5. Nf3 Qb6 6. Bc4 Nd7 7. e5 Nh6 8. Qe2 d5
9. Bd3 Nf8 10. h3 Nf5 11. Qf2 h5 12. g3 Nh6 13. Ne2 Bf5 14. Bxf5 Nxf5 15. Rg1 e6
16. b3 Nd7 17. g4 hxg4 18. hxg4 Nh6 19. Be3 Qa5+ 20. Bd2 Qa3 21. Bc1 Qa6 22. Bd2
Bf8 23. Qh2 Bg7 24. Qf2 O-O-O 25. Bb4 b6 26. Be7 Rde8 27. Bg5 c5 28. c3 Kb8 29.
Qe3 Rc8 30. Qd2 Ka8 31. Kf2 Ng8 32. Rh1 Nh6 33. Kg3 Rh7 34. Rh2 Rch8 35. Rah1
Nf8 36. f5 Nxg4 37. Rxh7 Rxh7 38. Rxh7 Nxh7 39. fxe6 f5 40. dxc5 1-0

[Event "Moscow Open C University Men"]
[Site "Moscow RUS"]
[Date "2011.02.03"]
[Round "6.11"]
[White "Vetryansky, Vladimir"]
[Black "Sharafiev, Azat"]
[Result "1/2-1/2"]
[BlackTitle "FM"]
[WhiteElo "2244"]
[BlackElo "2462"]
[WhiteFideId "24118613"]
[BlackFideId "4186214"]
[EventDate "2011.01.29"]

1. e4 c5 2. Nf3 d6 3. c3 Nf6 4. Be2 g6 5. O-O Nbd7 6. d3 Bg7 7. Re1 O-O 8. Na3
b6 9. Nc4 b5 10. Ne3 a5 11. a4 bxa4 12. Qxa4 Nb6 13. Qc2 a4 14. Nd2 Be6 15. Ndc4
Nfd7 16. Ra3 Ra7 17. Bd2 f5 18. Nxb6 Nxb6 19. c4 Bd7 20. exf5 gxf5 21. Bf3 e6
22. Bc3 Bd4 1/2-1/2

[Event "Moscow Open C University Men"]
[Site "Moscow RUS"]
[Date "2011.02.03"]
[Round "6.12"]
[White "Yaksin, Oleg"]
[Black "Chizhikov, Vladislav"]
[Result "1/2-1/2"]
[WhiteElo "2410"]
[BlackElo "2225"]
[WhiteFideId "24105880"]
[BlackFideId "4178157"]
[EventDate "2011.01.29"]

1. d4 Nf6 2. c4 g6 3. Nf3 Bg7 4. g3 O-O 5. Bg2 d5 6. cxd5 Nxd5 7. O-O Nb6 8. Nc3
Nc6 9. d5 Na5 10. e4 c6 11. Re1 cxd5 12. Nxd5 Be6 13. Ng5 Bc8 14. Nh3 Bxh3 15.
Bxh3 e6 16. Ne3 Qxd1 17. Nxd1 Nac4 18. Bf1 Rac8 19. Rb1 Rfd8 20. Ne3 Nd2 21.
Bxd2 Rxd2 22. Re2 Rcd8 23. Rxd2 Rxd2 24. Rd1 Rxb2 25. Nc4 Rxa2 26. Nxb6 axb6 27.
Kg2 Bf8 28. Re1 Bc5 29. Re2 Ra4 30. e5 Rb4 31. Rc2 g5 32. Be2 Re4 33. Bf3 Rxe5
34. Bxb7 Kg7 35. Bc6 Bd4 36. Rc4 Rc5 37. Rxc5 Bxc5 38. f4 gxf4 39. gxf4 f6 40.
Kf3 e5 41. fxe5 fxe5 42. Ke4 Kf6 43. h3 Bd4 44. Kd3 Kg5 45. Ke4 Kh4 46. Bd7 Kg3
47. Kd3 Kf4 48. Bc6 h5 49. Ke2 h4 50. Bd7 e4 51. Bc6 e3 52. Bd7 Ke5 53. Kd3 Kd6
54. Be8 Kc5 55. Bf7 Kb4 56. Be8 Bc5 57. Bd7 b5 58. Be8 Ka5 59. Bh5 Ba7 60. Bg4
b4 61. Bd1 Kb5 62. Bb3 Kc6 63. Ba2 Kd6 64. Bb3 Ke5 65. Ba2 Kf4 66. Ke2 Ke4 67.
Bf7 Kd4 68. Kd1 Kd3 69. Bg6+ Kc3 70. Bf7 b3 71. Bg8 Kb2 72. Bf7 Ka3 73. Bg6 Kb4
74. Bf7 Kc3 75. Bg8 b2 76. Bh7 Kd4 77. Ke2 Ke5 78. Kf3 Bb6 79. Bb1 Kd5 80. Ke2
Kc4 81. Bh7 Kc3 82. Bg6 Kb3 83. Bb1 Bc5 84. Kd3 Bd4 85. Ke2 Kc3 86. Bh7 Bc5 87.
Bg6 Kd4 88. Bb1 Bb4 89. Bh7 Bd2 90. Bb1 Ke5 91. Kf3 1/2-1/2